00566nam a2200157 a 450000100100000000500170001000800410002704000250006824500190009326000500011230000420016271000730020404900090027795201050028699900170039100002797920210703221528.0110406s2004 dr ad 000 0 spa d aDO-SdBNPbspacBNPHU00aMemoria 2003/. aSanto Domingo :bEditora AmalbabCNSS,c2004. a33, [14] p. :bil., gráf. ;c28 cm.2 aConsejo Nacional de Seguridad Social (República Dominicana)963839 aBNPD 0010718PDaPDbPDcCTd2011-04-06iLF1l0o p27979-10r2020-06-25w2020-06-25yLFPDZNo se presta c27471d27471